| 000 | 00950nam a2200229Ia 4500 | ||
|---|---|---|---|
| 003 | GCL | ||
| 008 | 140319s9999 xx 000 0 ara d | ||
| 020 | _a7848301977 | ||
| 040 |
_aGCL / _cGCL |
||
| 082 | 0 | 4 |
_aق _b305.562 _bش ط |
| 100 | 1 | _aشلبى ابراهيم الجعيدى | |
| 245 | 1 | 0 |
_aطبقة العامة فى مصر فى العصر الايوبى 567 - 648 هـ \ 1171 - 1250 م / _cشلبى ابراهيم الجعيدى |
| 260 |
_aالقاهرة : _bالهيئة المصرية العامة للكتاب ، _c2003 |
||
| 300 |
_a322 ص ؛ _c22 سم |
||
| 490 |
_aتاريخ المصريين _v212 |
||
| 650 | 0 | 4 | _aمصر - الاحوال الثقافية |
| 650 | 0 | 4 | _aمصر - الاحوال السياسية |
| 650 | 0 | 4 | _aمصر - الاحوال الاقتصادية |
| 650 | 0 | 4 | _aمصر - الاحوال الاجتماعية |
| 650 | 0 | 4 | _aمصر - تاريخ - العصر الايوبى ( 1171-1250 م ) |
| 942 |
_2ddc _cBK |
||
| 999 |
_c42721 _d42721 |
||